Il en faut peut pour être heureux - Karaoké - Statistiques

Statistiques générales
  • Ce quiz a été pris 235 fois
  • Le résultat moyen est 72 sur 248
Réponses sur la Carte
Les réponses sont colorées sur une échelle allant du rouge au vert en fonction du pourcentage des utilisateurs qui les ont devinées à leur premier essai. Vous pouvez retrouver ces pourcentages ci-dessous.
 
Statistiques - réponses
VERS Mot % Correct
Vers 1 Que
98%
Vers 1 nous
97%
Vers 1 la
93%
Vers 1 nature
93%
Vers 1 prodigue
90%
Vers 2 Quelques
79%
Vers 2 de
78%
Vers 2 de
78%
Vers 2 et
78%
Vers 2 miel
78%
Vers 2 soleil
78%
Vers 2 rayons
77%
Vers 3 Je
69%
Vers 3 d'ordinaire
63%
Vers 3 dors
63%
Vers 3 les
61%
Vers 4 ma
61%
Vers 4 maison
61%
Vers 4 est
60%
Vers 4 jungle
60%
Vers 4 la
60%
Vers 4 Et
59%
Vers 3 sous
59%
Vers 4 toute
59%
Vers 5 foret
56%
Vers 5 la
56%
Vers 5 abeilles
55%
Vers 5 de
55%
Vers 5 les
55%
Vers 5 Toutes
55%
Vers 6 dans
54%
Vers 7 Et
54%
Vers 7 je
54%
Vers 6 les
54%
Vers 6 moi
54%
Vers 6 pour
54%
Vers 7 quand
54%
Vers 6 Butinent
53%
Vers 7 caillou
53%
Vers 7 gros
53%
Vers 6 bosquets
52%
Vers 8 Je
52%
Vers 7 un
52%
Vers 8 des
51%
Vers 8 dessous
51%
Vers 8 fourmis
51%
Vers 8 sais
51%
Vers 8 trouver
51%
Vers 10 en
50%
Vers 10 faut
50%
Vers 10 Il
50%
Vers 11 etre
49%
Vers 11 heureux
49%
Vers 10 peu
49%
Vers 11 peu
49%
Vers 11 pour
49%
Vers 11 Tres
49%
Vers 10 vraiment
49%
Vers 9 bon,
46%
Vers 9 c'est
46%
Vers 9 c'est
46%
Vers 9 doux
46%
Vers 7 retourne
46%
Vers 3 frondaisons
45%
Vers 12 etre
41%
Vers 12 heureux
41%
Vers 12 Pour
41%
Vers 13 en
39%
Vers 9 Essaye
39%
Vers 13 faut
39%
Vers 13 Il
39%
Vers 13 etre
38%
Vers 14 etre
38%
Vers 13 heureux
38%
Vers 14 heureux
38%
Vers 13 peu
38%
Vers 14 peu
38%
Vers 13 pour
38%
Vers 14 pour
38%
Vers 14 tres
38%
Vers 14 Vraiment
38%
Vers 15 de
30%
Vers 15 soucis
30%
Vers 15 tous
30%
Vers 15 vos
30%
Vers 16 bon
29%
Vers 16 cote
29%
Vers 16 du
29%
Vers 15 esprit
29%
Vers 18 Et
29%
Vers 16 la
29%
Vers 17 Riez,
29%
Vers 16 vie
29%
Vers 15 votre
29%
Vers 18 vous
29%
Vers 18 bien
28%
Vers 17 chantez
28%
Vers 15 Chassez
28%
Vers 17 dansez,
28%
Vers 18 leche
28%
Vers 18 ours
28%
Vers 16 Prenez
28%
Vers 18 serez
28%
Vers 18 tres
28%
Vers 18 un
28%
Vers 19 banane,
26%
Vers 22 cactus
26%
Vers 22 c'est
26%
Vers 19 Cueillir
26%
Vers 21 Mais
26%
Vers 22 Si
26%
Vers 22 un
26%
Vers 19 une
26%
Vers 21 c'est
25%
Vers 21 drame
25%
Vers 21 tout
25%
Vers 21 un
25%
Vers 20 astuce
24%
Vers 20 Ca
24%
Vers 20 fait
24%
Vers 19 oui
24%
Vers 20 sans
24%
Vers 17 sautez,
24%
Vers 20 se
24%
Vers 23 Si
24%
Vers 24 Ce
23%
Vers 24 n'est
23%
Vers 24 pas
23%
Vers 23 vous
23%
Vers 24 attention
22%
Vers 24 de
22%
Vers 25 de
22%
Vers 23 epines
22%
Vers 24 faire
22%
Vers 25 fruit
22%
Vers 24 la
22%
Vers 25 le
22%
Vers 25 Mais
22%
Vers 24 peine
22%
Vers 23 sans
22%
Vers 25 si
22%
Vers 26 d'epines
21%
Vers 23 des
21%
Vers 26 Est
21%
Vers 23 fruits
21%
Vers 26 plein
21%
Vers 25 rapines
21%
Vers 26 tout
21%
Vers 25 vos
21%
Vers 27 beaucoup
20%
Vers 27 bon
20%
Vers 27 C'est
20%
Vers 27 moins
20%
Vers 28 Alors
19%
Vers 29 en
19%
Vers 30 etre
19%
Vers 29 faut
19%
Vers 30 heureux
19%
Vers 29 Il
19%
Vers 29 peu
19%
Vers 30 peu,
19%
Vers 30 pour
19%
Vers 30 Tres
19%
Vers 29 vraiment
19%
Vers 28 as-tu
18%
Vers 23 chipez
18%
Vers 28 compris
18%
Vers 31 etre
18%
Vers 31 heureux
18%
Vers 28 petit,
18%
Vers 31 Pour
18%
Vers 32 Et
10%
Vers 32 est
9%
Vers 32 que
9%
Vers 32 resolu
9%
Vers 32 tout
9%
Vers 32 tu
9%
Vers 32 verras
9%
Vers 35 Alors
8%
Vers 34 choses
8%
Vers 34 Des
8%
Vers 36 en
8%
Vers 37 en
8%
Vers 36 etre
8%
Vers 37 etre
8%
Vers 38 etre
8%
Vers 35 fais
8%
Vers 36 faut
8%
Vers 37 faut
8%
Vers 36 heureux
8%
Vers 37 heureux
8%
Vers 38 heureux
8%
Vers 36 Il
8%
Vers 37 Il
8%
Vers 33 l'on
8%
Vers 33 Lorsque
8%
Vers 35 ne
8%
Vers 33 passe
8%
Vers 36 peu,
8%
Vers 36 peu,
8%
Vers 37 peu
8%
Vers 38 peu
8%
Vers 35 plus
8%
Vers 36 pour
8%
Vers 37 pour
8%
Vers 38 pour
8%
Vers 33 se
8%
Vers 34 superflues
8%
Vers 35 t'en
8%
Vers 36 tres
8%
Vers 38 tres
8%
Vers 36 vraiment
8%
Vers 38 Vraiment
8%
Vers 41 bon
7%
Vers 39 Chassez
7%
Vers 41 cote
7%
Vers 39 de
7%
Vers 41 du
7%
Vers 39 esprit
7%
Vers 41 la
7%
Vers 41 Prenez
7%
Vers 40 soucis
7%
Vers 40 Tous
7%
Vers 35 tu
7%
Vers 41 vie
7%
Vers 40 vos
7%
Vers 39 votre
7%
Vers 40 Youpi
7%
Vers 43 bien
6%
Vers 44 bien
6%
Vers 42 chantez
6%
Vers 42 dansez,
6%
Vers 43 Et
6%
Vers 44 Et
6%
Vers 43 leche
6%
Vers 44 leche
6%
Vers 43 ours
6%
Vers 44 ours
6%
Vers 42 Riez,
6%
Vers 42 sautez,
6%
Vers 43 serez
6%
Vers 44 serez
6%
Vers 43 tres
6%
Vers 44 tres
6%
Vers 43 un
6%
Vers 44 un
6%
Vers 43 vous
6%
Vers 44 vous
6%
Aucun quiz correspondant
Distribution des résultats
% des personnes avec chaque résultat
Percentile par nombre de réponses
Votre historique - résultats
Vous n’avez pas pris ce quiz